[Event "Titled Tuesday intern op 17th Sep Late"]
[Site "Chess,com INT"]
[Date "2024.09.17"]
[Round "3"]
[White "Bach, Matthias"]
[Black "Badacsonyi, Frankie"]
[Result "1/2-1/2"]
[WhiteElo "2205"]
[BlackElo "2245"]
[PlyCount "59"]
[EventDate "2024.09.17"]
[EventType "swiss (blitz)"]
[EventRounds "11"]
[EventCountry "USA"]
[SourceTitle "EXT 2025"]
[Source "ChessBase"]
[SourceDate "2024.10.14"]
[SourceVersion "1"]
[SourceVersionDate "2024.10.14"]
[SourceQuality "1"]

1. d4 Nf6 2. c4 e6 3. Nc3 Bb4 4. Bg5 c5 5. d5 h6 6. Bh4 exd5 7. cxd5 d6 8. e3 Nbd7 9. Bb5 Qa5 10. Bxf6 gxf6 11. Bxd7+ Bxd7 12. Nge2 0-0-0 13. 0-0 Rhg8 14. Nf4 Bxc3 15. bxc3 Qxc3 16. Rb1 Rg5 17. Rb3 Qa5 18. Qb1 b6 19. Qh7 Qxa2 20. Rbb1 Rdg8 21. Qxh6 Qc2 22. Ra1 Qf5 23. Rxa7 Rxg2+ 24. Nxg2 Rxg2+ 25. Kxg2 Qg4+ 26. Kh1 Qf3+ 27. Kg1 Qg4+ 28. Kh1 Qf3+ 29. Kg1 Qg4+ 30. Kh1 1/2-1/2

[Event "Titled Tuesday intern op 06th Aug Early"]
[Site "Chess.com INT"]
[Date "2024.08.06"]
[Round "11"]
[White "Bach, Matthias"]
[Black "Jackson, Peter"]
[Result "0-1"]
[WhiteElo "2205"]
[BlackElo "2039"]
[PlyCount "60"]
[EventDate "2024.08.06"]
[EventType "swiss (blitz)"]
[EventRounds "11"]
[EventCountry "USA"]
[SourceTitle "EXT 2025"]
[Source "ChessBase"]
[SourceDate "2024.10.14"]
[SourceVersion "1"]
[SourceVersionDate "2024.10.14"]
[SourceQuality "1"]

1. d4 Nf6 2. c4 e6 3. Nc3 Bb4 4. Bg5 h6 5. Bh4 c5 6. d5 d6 7. e3 Bxc3+ 8. bxc3 e5 9. Bd3 Qe7 10. Ne2 Nbd7 11. 0-0 e4 12. Bc2 g5 13. Bg3 Ne5 14. Ba4+ Kd8 15. Bb3 Kc7 16. Qd2 h5 17. f4 exf3 18. gxf3 h4 19. Be1 Bh3 20. Rf2 g4 21. Nf4 Rag8 22. Nxh3 gxh3+ 23. Kh1 Rh5 24. Qe2 Rhg5 25. Bd2 Rg2 26. e4 Nh5 27. Raf1 Qf6 28. f4 Qg6 29. Qe1 Nd3 30. Qd1 Nxf2+ 0-1

[Event "Titled Tuesday intern op 06th Aug Early"]
[Site "Chess.com INT"]
[Date "2024.08.06"]
[Round "1"]
[White "Karas, Marek"]
[Black "Bach, Matthias"]
[Result "1-0"]
[WhiteElo "2161"]
[BlackElo "2205"]
[PlyCount "69"]
[EventDate "2024.08.06"]
[EventType "swiss (blitz)"]
[EventRounds "11"]
[EventCountry "USA"]
[SourceTitle "EXT 2025"]
[Source "ChessBase"]
[SourceDate "2024.10.14"]
[SourceVersion "1"]
[SourceVersionDate "2024.10.14"]
[SourceQuality "1"]

1. d4 Nf6 2. c4 c5 3. Nf3 cxd4 4. Nxd4 e5 5. Nb5 d5 6. cxd5 Bc5 7. e3 0-0 8. N5c3 Bf5 9. Be2 Nbd7 10. Nd2 e4 11. Nc4 a6 12. a3 b5 13. Nd2 Bd6 14. g4 Bg6 15. g5 Ne8 16. Ndxe4 Rc8 17. Nxd6 Nxd6 18. h4 Ne5 19. h5 Bf5 20. f4 Nec4 21. Qd4 Re8 22. h6 gxh6 23. gxh6 f6 24. Rg1+ Kh8 25. Bh5 Re4 26. Nxe4 Nxe4 27. Bf7 Qe7 28. Be6 Ncd6 29. Bxc8 Nxc8 30. Rg7 Qd6 31. Bd2 Nb6 32. Rc1 Nxd5 33. Qa7 Nb6 34. Rxh7+ Bxh7 35. Qg7# 1-0

[Event "Titled Tuesday intern op 06th Aug Early"]
[Site "Chess.com INT"]
[Date "2024.08.06"]
[Round "5"]
[White "Vshivkov, Konstantin"]
[Black "Bach, Matthias"]
[Result "0-1"]
[WhiteElo "2315"]
[BlackElo "2205"]
[PlyCount "102"]
[EventDate "2024.08.06"]
[EventType "swiss (blitz)"]
[EventRounds "11"]
[EventCountry "USA"]
[SourceTitle "EXT 2025"]
[Source "ChessBase"]
[SourceDate "2024.10.14"]
[SourceVersion "1"]
[SourceVersionDate "2024.10.14"]
[SourceQuality "1"]

1. d4 Nf6 2. c4 c5 3. d5 e6 4. Nc3 exd5 5. cxd5 d6 6. Nf3 g6 7. e4 Bg7 8. Bg5 0-0 9. Nd2 Nbd7 10. Be2 a6 11. a4 Re8 12. 0-0 Qc7 13. f4 h6 14. Bh4 Rb8 15. Kh1 Nf8 16. a5 Bd7 17. e5 dxe5 18. fxe5 Qxe5 19. Bg3 Qd4 20. Bxb8 Rxb8 21. Nc4 Qh4 22. g3 Qd4 23. Rf4 Qxd1+ 24. Rxd1 Bf5 25. g4 Bc2 26. Rd2 Bb3 27. d6 N8d7 28. Ne4 Re8 29. Nxf6+ Bxf6 30. Nb6 Bg5 31. Nxd7 Bxf4 32. Rd3 Rd8 33. Nxc5 Bc4 34. Rd2 Bxe2 35. Rxe2 Rxd6 36. Nxb7 Rd5 37. b4 Rb5 38. Re4 g5 39. Nd8 Rd5 40. Nc6 Rd1+ 41. Kg2 Rd2+ 42. Kf1 Rxh2 43. b5 axb5 44. a6 Ra2 45. a7 Kf8 46. Rd4 Bc7 47. Rd7 Bb6 48. Rb7 Bxa7 49. Nxa7 Ra4 50. Nxb5 Rxg4 51. Nd6 Rf4+ 0-1

[Event "Titled Tuesday intern op 14th May Early"]
[Site "Chess.com INT"]
[Date "2024.05.14"]
[Round "1"]
[White "Bach, Matthias"]
[Black "Malyshev, Vasilij"]
[Result "0-1"]
[WhiteElo "2206"]
[BlackElo "2353"]
[PlyCount "54"]
[EventDate "2024.05.14"]
[EventType "swiss (blitz)"]
[EventRounds "11"]
[EventCountry "USA"]
[SourceTitle "EXT 2025"]
[Source "ChessBase"]
[SourceDate "2024.10.14"]
[SourceVersion "1"]
[SourceVersionDate "2024.10.14"]
[SourceQuality "1"]

1. d4 d5 2. c4 e6 3. Nf3 Nf6 4. g3 a6 5. Bg2 dxc4 6. Qc2 b5 7. Ne5 c6 8. 0-0 Bb7 9. Rd1 Be7 10. Bg5 0-0 11. Nc3 Qb6 12. Ne4 Re8 13. Nxf6+ gxf6 14. Nxf7 fxg5 15. Bh3 Bf6 16. f4 Nd7 17. fxg5 Bxd4+ 18. Kf1 Nf8 19. Nh6+ Kg7 20. Qe4 c5 21. Qh4 Ng6 22. Qh5 Rf8+ 23. Ke1 Rad8 24. Rd2 Bf2+ 25. Kd1 Rxd2+ 26. Kxd2 Qd6+ 27. Kc2 Be4+ 0-1

[Event "Titled Tuesday intern op 14th May Late"]
[Site "Chess.com INT"]
[Date "2024.05.14"]
[Round "4"]
[White "Bach, Matthias"]
[Black "Zhu, Jiner"]
[Result "0-1"]
[WhiteElo "2206"]
[BlackElo "2477"]
[PlyCount "80"]
[EventDate "2024.05.14"]
[EventType "swiss (blitz)"]
[EventRounds "11"]
[EventCountry "USA"]
[SourceTitle "CBM 220 Extra"]
[Source "ChessBase"]
[SourceDate "2024.07.31"]
[SourceVersion "1"]
[SourceVersionDate "2024.07.31"]
[SourceQuality "1"]

1. d4 f5 2. e4 fxe4 3. Nc3 Nf6 4. f3 d5 5. Bg5 Bf5 6. Nge2 Nc6 7. Ng3 Bg6 8. Bb5 Qd7 9. fxe4 a6 10. Bxc6 Qxc6 11. e5 Nd7 12. 0-0 0-0-0 13. Qf3 h6 14. Bh4 Nb6 15. Nf5 Bxf5 16. Qxf5+ e6 17. Qf7 g5 18. Bg3 Bb4 19. Rf6 Bxc3 20. bxc3 Qxc3 21. Rd1 Qxc2 22. Qxe6+ Kb8 23. Rdf1 Qe4 24. Bf2 Nc4 25. Rxh6 Ne3 26. Bxe3 Qxe3+ 27. Kh1 Qxd4 28. Rxh8 Rxh8 29. Qf5 g4 30. e6 g3 31. h3 Re8 32. Qf7 Qa4 33. e7 Qd7 34. Re1 d4 35. Qf3 d3 36. Qxg3 d2 37. Rd1 Rxe7 38. Qf2 Rf7 39. Qxd2 Rf1+ 40. Kh2 Rxd1 0-1

[Event "Titled Tuesday intern op 03rd Oct Late"]
[Site "Chess.com INT"]
[Date "2023.10.03"]
[Round "1"]
[White "Bach, Matthias"]
[Black "Mortazavi, Ali"]
[Result "1-0"]
[WhiteElo "2207"]
[BlackElo "2333"]
[PlyCount "75"]
[EventDate "2023.10.03"]
[EventType "swiss (blitz)"]
[EventRounds "11"]
[EventCountry "USA"]
[SourceTitle "EXT 2025"]
[Source "ChessBase"]
[SourceDate "2024.10.14"]
[SourceVersion "1"]
[SourceVersionDate "2024.10.14"]
[SourceQuality "1"]

1. d4 Nf6 2. c4 g6 3. Nc3 Bg7 4. e4 0-0 5. f4 d6 6. Nf3 c5 7. d5 e6 8. Be2 exd5 9. cxd5 Nbd7 10. 0-0 Re8 11. Qc2 c4 12. Bxc4 Nc5 13. e5 Bf5 14. Qd1 dxe5 15. Nxe5 Rc8 16. d6 Be6 17. Bb5 Nfd7 18. Be3 a6 19. Bxd7 Nxd7 20. Bd4 Nc5 21. b4 Nd7 22. Ne4 Nf6 23. Nxf6+ Bxf6 24. d7 Bxd7 25. Nxd7 Be7 26. Bb6 Rc7 27. Bxc7 Qxc7 28. Ne5 Bxb4 29. Rc1 Qb6+ 30. Kh1 Rf8 31. Qd5 Qe3 32. Rc4 a5 33. Qd3 Qa7 34. Rfc1 Qa8 35. Qd4 Rd8 36. Qf2 Bf8 37. Qc2 Qa7 38. h3 1-0

[Event "Titled Tuesday intern op 03rd Oct Early"]
[Site "Chess.com INT"]
[Date "2023.10.03"]
[Round "2"]
[White "Rodriguez, Santiago"]
[Black "Bach, Matthias"]
[Result "1-0"]
[WhiteElo "2252"]
[BlackElo "2207"]
[PlyCount "67"]
[EventDate "2023.10.03"]
[EventType "swiss (blitz)"]
[EventRounds "11"]
[EventCountry "USA"]
[SourceTitle "EXT 2025"]
[Source "ChessBase"]
[SourceDate "2024.10.14"]
[SourceVersion "1"]
[SourceVersionDate "2024.10.14"]
[SourceQuality "1"]

1. d4 Nf6 2. Bg5 Ne4 3. Bf4 g5 4. Bc1 c5 5. f3 Nf6 6. dxc5 Qa5+ 7. Nc3 Qxc5 8. e4 h6 9. Qe2 b6 10. Be3 Qa5 11. Qd2 Bg7 12. Bc4 Ba6 13. Bb3 0-0 14. h4 g4 15. Bxh6 Bxh6 16. Qxh6 Qh5 17. Qxh5 Nxh5 18. fxg4 Nf4 19. Kf2 Nc6 20. Nh3 Ng6 21. Rad1 Nge5 22. g5 d6 23. Nd5 Rac8 24. Nhf4 Kh7 25. h5 f5 26. gxf6 Ng4+ 27. Kg3 Nxf6 28. Nxf6+ Rxf6 29. Nd5 Rg8+ 30. Kh4 Rf2 31. g4 Be2 32. Rdg1 Ne5 33. Nxe7 Bxg4 34. Bxg8+ 1-0